Business Driven Information Systems: (Record no. 207374)

MARC details
000 -LEADER
fixed length control field 00695nam a22002057a 4500
005 - DATE AND TIME OF LATEST TRANSACTION
control field 20241203155334.0
010 ## - LCCN (DPL NO)
LC control number ENG-142798
020 ## - INTERNATIONAL STANDARD BOOK NUMBER
International Standard Book Number 9789355328892
Terms of availability 1025.00
035 ## - SYSTEM CONTROL NUMBER
System control number EN-126330
037 ## - SOURCE OF ACQUISITION
Source of stock number/acquisition DBAD
082 ## - DEWEY DECIMAL CLASSIFICATION NUMBER
Classification number 358.4038011
Edition number 9
100 ## - MAIN ENTRY--PERSONAL NAME
Personal name Baltzan, Paige
245 ## - TITLE STATEMENT
Title Business Driven Information Systems:
Remainder of title An MIS Approach/
Statement of responsibility, etc by Paige Baltzan [and] Ramesh Behl
250 ## - EDITION STATEMENT
Edition statement 9
260 ## - PUBLICATION, DISTRIBUTION, ETC. (IMPRINT)
Place of publication, distribution, etc Chennai
Name of publisher, distributor, etc McGraw Hill Education Private Ltd
Date of publication, distribution, etc 2024
270 ## - ADDRESS
Address Anjana Complex No. 5/90 A, Butt Road, St Thomas Mount
City Chennai
Postal code 600016
300 ## - PHYSICAL DESCRIPTION
Extent vpp.
Dimensions 28cm(pb)
Other physical details Index
700 ## - ADDED ENTRY--PERSONAL NAME
Personal name Behl, Ramesh
Relator term Author
9 (RLIN) 74605
942 ## - ADDED ENTRY ELEMENTS (KOHA)
Source of classification or shelving scheme Dewey Decimal Classification
Item type English Books
Call number suffix GHA
Classification part 358.4038011
Edition 9
Holdings
Withdrawn status Lost status Not for loan Collection code Home library Current library Date acquired Source of acquisition Cost, normal purchase price Full call number Barcode Copy number Cost, replacement price Koha item type
      Non-fiction Ashok Vihar Ashok Vihar 03/12/2024 Delivery of Books Act Division 1025.00 GHA 358.4038011 EN-126330 1 1025.00 English Books

© Delhi Public Library
Hit Counter
free hit counter